00443 2200181 4500001002100000005001500021008004100036020002200077035001900099041000700118082000800125090001400133100002700147245002200174260002700196300001800223650002000241INLIS00000000001532920241224114919241224||||||||| | ||| |||| || |  a978-602-8223-57-7 0010-1224015329 aid0 a500 a500 CAM s0 aCamilla De La Bedoyere00a100 Fakta Tentang abandngbExamediac2008 a48hlm;18x25cm 0aIlmu-ilmu Murni